| 000 | 00512nam a22001457a 4500 | ||
|---|---|---|---|
| 003 | 0 | ||
| 005 | 20221015104319.0 | ||
| 008 | 221015b xxu||||| |||| 00| 0 eng d | ||
| 050 |
_aRT 62 _b.Am43 2021 |
||
| 245 |
_aA quantitative comparative study of nursing potential between SISC BSN programs under CMO 14 and CMO 15 _cAnthony Amariwu |
||
| 260 |
_aLas Pinas, Philippines _bSouthville International School and Colleges _cC2021 |
||
| 300 |
_a76pp. _c28cm. _fTheses |
||
| 500 | _aNursing potential. | ||
| 942 |
_2lcc _cTH |
||
| 999 |
_c364852 _d364852 |
||